000 00766npc a2200217Ia 4500
001 dd22-28736 [d000003414]
003 IT-MiCISF
008 161014s9999||||xx | und||
040 _aIT-MiCISF
_cIT-MiCISF
041 _ait
100 _aConteri Germana
245 0 _aL'osservatorio incontra il territorio: problemi e risorse della famiglia
_bIndagine condotta sul territorio della diocesi ambrosiana
250 _a1a ed.
260 _a Milano
_bCaritas ambrosiana
_c1999
300 _app. 76
500 _aBelletti F., Rosas A., Colmegna V. (Contiene questionario) / famiglia, solidarietà, reddito, rapporti-familiari, organizzazione-familiare, valori /
650 _afamiglia
700 _aAA.VV.
942 _cDD
957 _71
999 _a28736
_bsi
_g1
_c208249
_d208249